Geschichte der deutschen sprace
Uloženo v:
| Hlavní autor: | |
|---|---|
| Médium: | Kniha |
| Jazyk: | Undetermined |
| Vydáno: |
Berlín, Alemania
Walter de Gruyter
1978
|
| Témata: | |
| Tagy: |
Přidat tag
Žádné tagy, Buďte první, kdo vytvoří štítek k tomuto záznamu!
|
MARC
| LEADER | 00000nam a2200000Ia 4500 | ||
|---|---|---|---|
| 008 | 170316s9999 xx 000 0 und d | ||
| 040 | |a cru BVZT | ||
| 090 | |a 830 P-2g | ||
| 100 | |a Polenz, Peter Von | ||
| 245 | |a Geschichte der deutschen sprace | ||
| 260 | |a Berlín, Alemania | ||
| 260 | |b Walter de Gruyter | ||
| 260 | |c 1978 | ||
| 300 | |a 226 páginas | ||
| 650 | |a LITERATURA ALEMANA | ||
| 999 | |c 7412 |d 7412 | ||
| 942 | |c 15 D |h 830 P-2g |2 z | ||
